| 000 | 00656nam a2200265Ia 4500 | ||
|---|---|---|---|
| 001 | Z_5375 | ||
| 003 | CHAP | ||
| 008 | 220113s1961 xx 000 0 und d | ||
| 010 | _a168445 | ||
| 040 | _cCHAP | ||
| 082 | _a636.41 N6 | ||
| 100 |
_aNordby, Julius E _9142776 |
||
| 245 |
_aSelección, preparación y exposición de porcinos / _cJulius E. Nordby y Herbert E. Lattig |
||
| 260 |
_aBuenos Aires : _b Albatros, _c1961 |
||
| 300 | _a113 p. | ||
| 500 | _ac/e | ||
| 650 |
_aGanado porcino _945328 |
||
| 700 |
_aLattig, Herbert _9142777 |
||
| 901 | _a636.41 N6 | ||
| 902 | _aM | ||
| 910 | _a1961 | ||
| 942 | _c1 | ||
| 942 | _cc1 | ||
| 999 |
_c168445 _d168445 |
||